Revelation and the end of all things / (Record no. 9965)

MARC details
000 -LEADER
fixed length control field 03317cam a22003374a 4500
001 - CONTROL NUMBER
control field 45620640
003 - CONTROL NUMBER IDENTIFIER
control field OCoLC
005 - DATE AND TIME OF LATEST TRANSACTION
control field 20241126110722.0
008 - FIXED-LENGTH DATA ELEMENTS--GENERAL INFORMATION
fixed length control field 001214s2001 miuabg b 001 0 eng
010 ## -
-- 00069199
020 ## - INTERNATIONAL STANDARD BOOK NUMBER
International Standard Book Number 0802846602
020 ## - INTERNATIONAL STANDARD BOOK NUMBER
International Standard Book Number 9780802846600
035 ## - SYSTEM CONTROL NUMBER
System control number (OCoLC)45620640
Canceled/invalid control number (OCoLC)45767525
040 ## - CATALOGING SOURCE
Original cataloging agency DLC
Language of cataloging eng
Transcribing agency DLC
Modifying agency UKM
-- LVB
-- OCLCQ
-- NLGGC
-- BAKER
-- YDXCP
-- OCLCQ
-- BTCTA
-- OCLCG
-- IG#
-- VA@
-- MNE
-- BDX
-- OCLCQ
-- OCLCO
-- OCLCA
-- OCLCF
-- OCLCQ
042 ## -
-- pcc
050 00 -
-- BS2825.53
-- .K64 2001
082 00 - DEWEY DECIMAL CLASSIFICATION NUMBER
Classification number 228.07
Edition information 21
Item number KOE
100 1# - MAIN ENTRY--PERSONAL NAME
Personal name Koester, Craig R.,
Dates associated with a name 1953-
9 (RLIN) 17327
245 10 - TITLE STATEMENT
Title Revelation and the end of all things /
Statement of responsibility, etc. Craig R. Koester.
260 ## - PUBLICATION, DISTRIBUTION, ETC.
Place of publication, distribution, etc. Grand Rapids, Mich. :
Name of publisher, distributor, etc. W.B. Eerdmans,
Date of publication, distribution, etc. ℗♭2001.
300 ## - PHYSICAL DESCRIPTION
Extent xiv, 209 pages :
Other physical details illustrations, map, music ;
Dimensions 23 cm
336 ## - CONTENT TYPE
Content type term text
Content type code txt
Source rdacontent
337 ## - MEDIA TYPE
Media type term unmediated
Media type code n
Source rdamedia
338 ## - CARRIER TYPE
Carrier type term volume
Carrier type code nc
Source rdacarrier
504 ## - BIBLIOGRAPHY, ETC. NOTE
Bibliography, etc. note Includes bibliographical references (pages xiii-xiv) and index.
505 00 - FORMATTED CONTENTS NOTE
Miscellaneous information 1.
Title Interpreting the Mystery
Miscellaneous information 1 --
Title Future Prediction or Timeless Truth?
Miscellaneous information 2 --
Title History, Politics, and Reform
Miscellaneous information 8 --
Title Apocalyptic Fever, Disappointment, and Tragedy
Miscellaneous information 14 --
Title Rapture, Tribulation, and Armageddon
Miscellaneous information 19 --
Title Historical Study of Revelation
Miscellaneous information 26 --
Title Silence or Song?
Miscellaneous information 31 --
Title Venturing Forward
Miscellaneous information 38 --
-- 2.
Title Christ and the Churches (Revelation 1-3)
Miscellaneous information 41 --
Title A Revelation--A Prophecy--A Letter (1:1-8)
Miscellaneous information 42 --
Title In the Presence of the Living One (1:9-20)
Miscellaneous information 52 --
Title Not All Readers Are Alike (2:1-3:22)
Miscellaneous information 54 --
-- 3.
Title Scroll Unsealed (Revelation 4-7)
Miscellaneous information 71 --
Title Sovereign God (4:1-11)
Miscellaneous information 72 --
Title Lamb Who Was Slain (5:1-14)
Miscellaneous information 76 --
Title First Six Seals (6:1-17)
Miscellaneous information 81 --
Title Redeemed: 144,000 and a Great Multitude (7:1-17)
Miscellaneous information 88 --
-- 4.
Title Trumpets of Terror and Hope (Revelation 8-11)
Miscellaneous information 93 --
Title First Six Trumpets (8:1-9:21)
Miscellaneous information 94 --
Title Judgment Interrupted (10:1-11)
Miscellaneous information 101 --
Title Suffering, Witness, and Conversion (11:1-14)
Miscellaneous information 104 --
Title Kingdom of the Lord (11:15-19)
Miscellaneous information 111 --
-- 5.
Title Beast and the Lamb (Revelation 12-15)
Miscellaneous information 115 --
Title Woman, Michael, and the Dragon (12:1-18)
Miscellaneous information 118 --
Title Two Beasts (13:1-18)
Miscellaneous information 125 --
Title Judgment, Blessing, and Endurance (14:1-20)
Miscellaneous information 135 --
Title Lord of the Nations (15:1-4)
Miscellaneous information 141 --
-- 6.
Title Harlot and the Bride (Revelation 15-19)
Miscellaneous information 145 --
Title Seven Bowls of Wrath (15:5-16:21)
Miscellaneous information 146 --
Title Great Harlot (17:1-18)
Miscellaneous information 154 --
Title Babylon's Funeral (18:1-24)
Miscellaneous information 162 --
Title Hallelujah, the Lord Reigns (19:1-10)
Miscellaneous information 168 --
-- 7.
Title End (Revelation 19-22)
Miscellaneous information 171 --
Title Great Battle (19:11-21)
Miscellaneous information 173 --
Title Millennial Kingdom (20:1-6)
Miscellaneous information 180 --
Title Final Conflict and Final Judgment (20:7-15)
Miscellaneous information 187 --
Title New Jersualem (21:1-22:5)
Miscellaneous information 191 --
Title End Is Near (22:6-21)
Miscellaneous information 201.
520 1# - SUMMARY, ETC.
Summary, etc. "Craig Koester provides commentary on each section of the book of Revelation, drawing on the best recent scholarship and contemporizing his discussion with references to events like the siege at Waco, the phenomenal sales of the Left Behind series, and the use of Revelation in hymnody and art. Based on two decades of teaching Revelation to seminary students, pastors, and lay groups, this discussion strikes a balance between taking the text s first-century context seriously and making Revelation relevant to twenty-first-century readers."--Jacket.
630 00 - SUBJECT ADDED ENTRY--UNIFORM TITLE
Uniform title Bible.
Name of part/section of a work Revelation
Form subdivision Commentaries.
9 (RLIN) 873
655 #7 - INDEX TERM--GENRE/FORM
Genre/form data or focus term Commentaries.
Source of term fast
Authority record control number or standard number (OCoLC)fst01423723
9 (RLIN) 875
942 ## - ADDED ENTRY ELEMENTS (KOHA)
Source of classification or shelving scheme Dewey Decimal Classification
Koha item type Books
Koha issues (borrowed), all copies 2
Holdings
Withdrawn status Lost status Source of classification or shelving scheme Damaged status Not for loan Home library Current Library Shelving location Date acquired Total checkouts Full call number Barcode Date last seen Date last checked out Copy number Price effective from Koha item type
    Dewey Decimal Classification     GRACE BIBLE COLLEGE GRACE BIBLE COLLEGE Biblical Studies 2023-10-12 5 228.07 KOE 020598 2025-12-01 2025-11-25 c.1 2023-10-12 Books
© Grace Bible College Library 2025